Southville International School and Colleges
Your cart is empty.
  • Cart
  • Lists
    Public lists Eva Luna New books Lux_list list_1
    Your lists Log in to create your own lists
  • Log in to your account
  • Your cookies
  • Search history
Southville International School and Colleges
  • Advanced search
  • Recent comments
  • Most popular
  • Libraries

Log in to your account

Log in with GOOGLE


If you do not have an external account, but do have a local account, you can still log in:

  1. Home
  2. MARC view: Real-life writing activities, Grades 1-3 :
Normal view MARC view ISBD view

Real-life writing activities, Grades 1-3 : (Record no. 112648)

[ view plain ]
MARC details
000 -LEADER
fixed length control field 00710nam a2200181 a 4500
001 - CONTROL NUMBER
control field 3007
005 - DATE AND TIME OF LATEST TRANSACTION
control field 20140414131944.0
008 - FIXED-LENGTH DATA ELEMENTS--GENERAL INFORMATION
fixed length control field 060103s19uu xx 00 eng d
020 ## - INTERNATIONAL STANDARD BOOK NUMBER
International Standard Book Number 0-439-25616-X
050 ## - LIBRARY OF CONGRESS CALL NUMBER
Classification number TR 372.6
Item number R74 2002
100 ## - MAIN ENTRY--PERSONAL NAME
Personal name Rothstein, Gloria
245 ## - TITLE STATEMENT
Title Real-life writing activities, Grades 1-3 :
Statement of responsibility, etc by Gloria Rothstein.
Remainder of title based on favorite picture books /
260 ## - PUBLICATION, DISTRIBUTION, ETC. (IMPRINT)
Place of publication, distribution, etc New York :
Name of publisher, distributor, etc Scholastic Professional Books,
Date of publication, distribution, etc 2002.
300 ## - PHYSICAL DESCRIPTION
Extent 96 p. ; cm.
520 ## - SUMMARY, ETC.
Summary, etc Super fun activities and reproducibles that use picture books as models to help kids practice 11 kinds of real-life writing.
650 ## - SUBJECT ADDED ENTRY--TOPICAL TERM
Topical term or geographic name as entry element Language and literature
General subdivision Study and teaching
-- Juvenile literature.
Holdings
Withdrawn status Lost status Damaged status Use restrictions Home library Current library Shelving location Date acquired Source of acquisition Cost, normal purchase price Total Checkouts Full call number Barcode Date last seen Price effective from Koha item type
        Munich Library Munich Library Teachers Reference Section 01/03/2006   295.00   TR 372.6 R74 2002 M4024 04/14/2014 04/14/2014 Books

Real-life writing activities, Grades 1-3 :

APA

Rothstein G., . (2002). Real-life writing activities, Grades 1-3. New York: Scholastic Professional Books.

Chicago

Rothstein Gloria, . 2002. Real-life writing activities, Grades 1-3. New York: Scholastic Professional Books.

Harvard

Rothstein G., . (2002). Real-life writing activities, Grades 1-3. New York: Scholastic Professional Books.

MLA

Rothstein Gloria, . Real-life writing activities, Grades 1-3. New York: Scholastic Professional Books. 2002.

  • Place hold
  • Print
  • Cite
  • Add to your cart (remove)
  • Save record
    BIBTEX Dublin Core MARCXML MARC (non-Unicode/MARC-8) MARC (Unicode/UTF-8) MARC (Unicode/UTF-8, Standard) MODS (XML) RIS
  • More searches
    Search for this title in:
    Other Libraries (WorldCat) Other Databases (Google Scholar) Online Stores (Bookfinder.com) Open Library (openlibrary.org)

Exporting to Dublin Core...

SOUTHVILLE LIBRARY

Southville International School and Colleges Library

1281 Tropical Ave. Cor. Luxembourg St., BF Homes International, Las Pinas City

Tel. No. 8256374 / 252358 Loc. 117/146

Powered by Koha